00219nam a22000977a 450000500170000008200080001724500360002526000350006130000080009665000170010420250820132141.0 a574 aBiochemistry lecture notes 1991 aColombobuniversity of Colombo a457 abiochemistry